01019nam a22002417a 450000500170000001000150001702000260003203500130005803700130007110000170008424500550010126000360015627000540019230000320024649000800027850000500035865000430040870000270045181101360047894200170061499900170063195201290064820130723122901.0 aENG-107917 a9788182746626c990.00 aEN-91450 bDBAD/PUB1 aMadan, N. N.14aThe Arakan operations, 1942-1945 /cby N. N. Madan aNew DelhibPentagon Pressc2012 a206, Peacock Lane, Shahpur JatbNew Delhie110049 axiv,371p. :bill.c24cm(Hb) aOfficial history of the Indian armed forces in the second world war 1939-45 aIncludes bibliographical references and index 0aWorld War, 1939-1945xCampaignszBurma1 aPrasad, Bisheshwareed2 aOffical history of the Indian armed forces in the Second World War,d1939-45.tCampaigns in the Eastern theatre. [from old catalog] 2ddccENmMAD c77970d77970 001040718NFICaDBADbDBADd2013-07-23eDBAD/PUBg990.00l0oMADpEN-91450r2013-07-23 00:00:00t1v990.00w2013-07-23yEN